La tartamudez: teoría y tratamiento

Saved in:
Bibliographic Details
Main Authors: Fiedler, Peter (Author) , Standop, Renate (Author)
Format: Book/Monograph
Language:Spanish
Published: Barcelona Herder 1991
Edition:2da. edición
Series:Biblioteca de psicología 108
In: Biblioteca de psicología (108)

Online Access: Get full text
Author Notes:Peter A. Fiedler ; Renate Standop ; versión castellana de Alfredo Guera Miralles

MARC

LEADER 00000cam a22000002c 4500
001 1607463571
003 DE-627
005 20220605121708.0
007 tu
008 070830s1991 xx ||||| 00| ||spa c
020 |a 8425412811  |9 84-254-1281-1 
035 |a (DE-627)1607463571 
035 |a (DE-576)268059705 
035 |a (DE-599)BSZ268059705 
035 |a (OCoLC)742496959 
040 |a DE-627  |b ger  |c DE-627  |e rakwb 
041 |a spa 
084 |a 11  |2 sdnb 
100 1 |a Fiedler, Peter  |d 1945-  |0 (DE-588)11544338X  |0 (DE-627)077255437  |0 (DE-576)160940079  |4 aut 
240 1 0 |a Stottern 
245 1 3 |a La tartamudez  |b teoría y tratamiento  |c Peter A. Fiedler ; Renate Standop ; versión castellana de Alfredo Guera Miralles 
250 |a 2da. edición 
264 1 |a Barcelona  |b Herder  |c 1991 
300 |a 308 Seiten 
336 |a Text  |b txt  |2 rdacontent 
337 |a ohne Hilfsmittel zu benutzen  |b n  |2 rdamedia 
338 |a Band  |b nc  |2 rdacarrier 
490 1 |a Biblioteca de Psicología  |v 108 
700 1 |a Standop, Renate  |4 aut 
700 1 2 |a Fiedler, Peter  |d 1945-  |t Stottern 
830 0 |a Biblioteca de psicología  |v 108  |9 108  |w (DE-627)1102782262  |w (DE-576)032782268  |7 am 
951 |a BO 
992 |a 20210226 
993 |a Book 
994 |a 1991 
998 |g 11544338X  |a Fiedler, Peter  |m 11544338X:Fiedler, Peter  |d 100000  |d 100200  |e 100000PF11544338X  |e 100200PF11544338X  |k 0/100000/  |k 1/100000/100200/  |p 1  |x j 
999 |a KXP-PPN1607463571  |e 3876160855 
BIB |a Y 
JSO |a {"name":{"displayForm":["Peter A. Fiedler ; Renate Standop ; versión castellana de Alfredo Guera Miralles"]},"person":[{"role":"aut","given":"Peter","family":"Fiedler","display":"Fiedler, Peter"},{"role":"aut","family":"Standop","given":"Renate","display":"Standop, Renate"},{"given":"Peter","family":"Fiedler","display":"Fiedler, Peter"}],"language":["spa"],"titleUni":[{"title":"Stottern","title_sort":"Stottern"}],"type":{"bibl":"book"},"title":[{"subtitle":"teoría y tratamiento","title":"La tartamudez","title_sort":"tartamudez"}],"origin":[{"publisherPlace":"Barcelona","dateIssuedKey":"1991","dateIssuedDisp":"1991","publisher":"Herder","edition":"2da. edición"}],"id":{"eki":["1607463571"],"isbn":["8425412811"]},"recId":"1607463571","physDesc":[{"extent":"308 Seiten"}],"relMultPart":[{"id":{"eki":["1102782262"]},"recId":"1102782262","disp":"Biblioteca de Psicología","dispAlt":"Biblioteca de psicología","part":{"number_sort":["108"],"number":["108"]},"language":["spa"],"title":[{"title_sort":"Biblioteca de psicología","title":"Biblioteca de psicología"}],"origin":[{"publisherPlace":"Barcelona","dateIssuedDisp":"19XX-","publisher":"Editorial Herder"}],"type":{"bibl":"serial"}}]} 
SRT |a FIEDLERPETTARTAMUDEZ1991